000 00449nam a2200169Ia 4500
008 170705s9999 xx 000 0 und d
020 _a9780545312561
245 4 _aThe miraculous journey of Edward Tulane /
245 _cKate DiCamillo ; illustrated by Bagram Ibatoulline.
260 _aNew York :
260 _bScholastic,
260 _c2006
300 _a210 pages :
300 _bcolor illustration ;
300 _c19cm.
500 _a700
999 _c336356
_d336356